000 00293pab a2200121 454500
008 180718b xxu||||| |||| 00| 0 eng d
245 _aReview of industry and management
300 _aM.50-96
362 _a26 May
650 _aIndustry
773 _aEconomic and Political Weekly
909 _a10875
999 _c10875
_d10875